| 000 | 01180 a2200217 4500 | ||
|---|---|---|---|
| 001 | 50110 | ||
| 005 | 20260407155801.0 | ||
| 008 | 260407a1984 arg spa d | ||
| 003 | AR-UNSa-BCEJYS | ||
| 040 |
_aAR-UNSa-BCEJYS _bspa _cAR-UNSa-BCEJYS |
||
| 080 |
_a(038)004 _xDiccionario de Informática |
||
| 245 | 1 | 0 | _aGlosario de informatica |
| 264 | 1 |
_aBuenos Aires : _bEdiciones Contabilidad Moderna _c1984 |
|
| 300 |
_a314 p. _c22 cm. |
||
| 505 | _a1. Equivalencias inglés-castellano de las expresiones incluidas - 2. Siglas, abreviaturas y acrónimos - 3. Unidades de medida - 4. Publicaciones periódicas relacionadas con la informática editadas en la República Argentina - 5. Instituciones relacionadas con la informática en la República Argentina - 6. Instituciones nacionales que prestan servicios de acceso a bases de datos públicas o semipúblicas para la recuperación de información - 7. Publicaciones extranjeras relacionadas con la informática - 8. Breve reseña de protagonistas y hechos en informática - | ||
| 041 | _aspa | ||
| 942 | _cBK | ||
| 590 | _aniveau_biblio:m niveau_hierar:0 | ||
| 100 | 1 | _aSaroka, Raúl Horacio | |
| 700 | 1 | _aTesoro, José Luis | |
| 999 |
_c4958 _d4958 |
||